000 00217nam a22000857a 4500
008 170125b xxu||||| |||| 00| 0 eng d
100 _92569
_aBrien.O.T.
245 _aGeneral Knowledge-5
260 _aNew Delhi
_bS. Chand
_c2010
999 _c5687
_d5687